Comunidades fumigadas en Costa Rica acusan al Estado y transnacionales ante la Comisión Interamericana de Derechos Humanos/
Kaydedildi:
| Yazar: | |
|---|---|
| Diğer Yazarlar: | , |
| Materyal Türü: | Kitap |
| Dil: | Spanish |
| Etiketler: |
Etiketle
Etiket eklenmemiş, İlk siz ekleyin!
|
MARC
| LEADER | 00000nam a22000007a 4500 | ||
|---|---|---|---|
| 003 | cru CIDCACS/IIS | ||
| 005 | 20180301091036.0 | ||
| 007 | ta | ||
| 008 | 180228s2015 uy |||p|r||||||0| ||spa|d | ||
| 999 | |c 41085 |d 41085 | ||
| 040 | |c cru CIDCACS/IIS | ||
| 100 | 1 | |9 6709 |a Castro, Soledad | |
| 245 | 1 | |a Comunidades fumigadas en Costa Rica acusan al Estado y transnacionales ante la Comisión Interamericana de Derechos Humanos/ |c Soledad Castro, Henry Picado, William Vega | |
| 300 | |a página 23-26: |b fotos | ||
| 700 | 1 | |9 6703 |a Picado Cerdas, Henry | |
| 700 | 1 | |9 6710 |a Vega, William | |
| 773 | 0 | |0 41050 |9 1835 |a Red de Ecología Social (Uruguay) |d Uruguay: REDES-AT; GRAIN |o 17935 |t Biodiversidad: |x 07977888X | |
| 942 | |2 ddc |c PP | ||
